All Disney Princesses by Picture - Statistics

General Stats
  • This quiz has been taken 312 times
  • The average score is 11 of 12
Answer Stats
Picture Answer % Correct
Elsa
99%
Ariel
98%
Belle
97%
Cinderella
97%
Jasmine
97%
Mulan
97%
Snow White
96%
Rapunzel
95%
Pocahontas
91%
Tiana
91%
Aurora
90%
Merida
89%
No matching quizzes found
Score Distribution
Percent of People with Each Score
Percentile by Number Answered
Your Score History
You have not taken this quiz